000
00274nam a2200109Ia 4500
008
201224s9999 xx 000 0 und d
100
_a
Lumby, Steve
245
0
_a
Investment Appraisal and Financial Decisions
260
_a
London
_b
Chapman & Hall
300
_a
667
942
_c
BK
999
_c
8862
_d
8862